Normal view
MARC view
- Masters, John
Entry Personal Name
001 - CONTROL NUMBER
- control field: 106312
003 - CONTROL NUMBER IDENTIFIER
- control field: NUST
005 - DATE AND TIME OF LATEST TRANSACTION
- control field: 20221229101221.0
008 - FIXED-LENGTH DATA ELEMENTS
- fixed length control field: 221229|| aca||aabn | a|a d
040 ## - CATALOGING SOURCE
- Original cataloging agency: NUST
- Transcribing agency: NUST
100 ## - HEADING--PERSONAL NAME
- Personal name: Masters, John
670 ## - SOURCE DATA FOUND
- Source citation: Work cat.: (NUST)185682: Masters, John,, Bugles and a tiger;, 1956
